Historia - quiz wielokrotnego wyboru #4 - Statystyki

Ogólne statystyki
  • Ten quiz został rozwiązany 1 720 razy
  • Średni wynik to 9 z 15
Statystyki odpowiedzi
Zagadnienie Odpowiedź % Poprawnych
W jakim współczesnym kraju urodził się Stalin? Gruzja
89%
Czy Mongołowie kiedykolwiek podbili Chiny? Tak
85%
W jaki sposób zginął Napoleon? Rak żołądka (a może zatrucie), Święta Helena, 1821 r.
84%
Jaka domniemana średniowieczna praktyka była znana jako „prawo pierwszej nocy”? Prawo lorda do spania z nowo poślubioną panną
83%
Czy Budda żył przed Jezusem, czy po nim? Przed
67%
Krezus był królem Lidii (w dzisiejszej Turcji) w latach 500 p.n.e.. Z czego słynął? Za bycie bogatym
61%
Kogo próbował zastrzelić John Hinckley w 1981 roku? Ronald Reagan
59%
Kiedy miała miejsce wojna krymska? XIX wiek
59%
Z czego Phineas Gage jest znany w historii? Jego osobowość zmieniła się, gdy wbito mu w głowę żelazny pręt
51%
Czym była Deklaracja Balfoura? Deklaracja brytyjskiego poparcia dla żydowskiej ojczyzny w Palestynie
50%
W 1457 roku szkocki parlament zakazał gry w piłkę nożną i golfa. Dlaczego? Mężczyźni uprawiali sport zamiast trenować łucznictwo
47%
W którym roku marka polska przestała być środkiem płatniczym? 1 lipca 1924 r.
44%
Imperium Inków przetrwało tysiące lat przed przybyciem Hiszpanów. Fałsz
37%
Przed przybyciem Europejczyków na Hawajach panował wysoki poziom równości społecznej. Fałsz
37%
Z jakiego rodu królewskiego pochodziła królowa Elżbieta I? Tudorowie
31%
Nie znaleziono quizów pasujących do podanych kryteriów
Rozkład punktacji
Procent ludzi z każdym wynikiem
Percentyl według liczby udzielonych odpowiedzi
Twoja historia wyników
Nie rozwiązałeś tego quizu